00773nam a2200217 a 450000100100000000500170001000800410002704000250006808200210009324501000011426000640021430000110027850000440028960000340033360000430036765000200041065000240043065000220045465000270047670000520050300000893220240412074208.0090921s1953 dr r 000 0 spa d aDO-SdBNPbspacBNPHU aRD861.008bM378m10aMartí y Máximo Gómez en la poesía dominicana /ccompilador Emilio Rodríguez Demorizi. aCuidad Trujillo, República Dominicana :bMontalvo,c1953. a205 p. aIncluye índice de personas y lugares.10aGómez, Máximo,d1836-1905 4aMARTÍ, JOSÉ,d1853-1895xPOESÍAS 4aPoesía cubana 0aPoesía dominicana 4aLiteratura cubana 0aLiteratura dominicana.1 aRodríguez Demorizi, Emilio,d1908-1986ecomp.